| 000 | 00864cam a2200301 a 4500 | ||
|---|---|---|---|
| 001 | 4745670 | ||
| 003 | NUST - PNEC | ||
| 005 | 20170116181054.0 | ||
| 008 | 841026s1984 ne ab b 001 0 eng | ||
| 010 | _a 84231822 | ||
| 020 | _a0705408418 | ||
| 040 |
_aDLC _cLIBRARY _dDLC |
||
| 043 | _ae-ur--- | ||
| 050 | 0 | 0 |
_aDK17 _b.S638 1984 |
| 082 | 0 | 0 | _a947 TIM |
| 100 |
_911995 _aTime-Life Books |
||
| 245 | 0 | 4 |
_aThe Soviet Union / _cby the editors of Time-Life Books. |
| 260 |
_aAmsterdam : _bTime-Life, _cc1984. |
||
| 300 |
_a160 p. : _bill. (some col.), maps ; _c29 cm. |
||
| 440 | 0 | _aLibrary of nations | |
| 500 | _aMaps on lining papers. | ||
| 500 | _aIncludes index. | ||
| 504 | _aBibliography: p. 157. | ||
| 651 | 0 |
_aSoviet Union. _xGeneral |
|
| 710 | 2 | _aTime-Life Books. | |
| 906 |
_a7 _bcbc _corignew _d2 _encip _f19 _gy-gencatlg |
||
| 942 |
_2ddc _cBK |
||
| 999 |
_c68490 _d68490 |
||